| 000 | 00660nam a2200229 a 4500 | ||
|---|---|---|---|
| 001 | BRCA_8141 | ||
| 005 | 20190320210141.0 | ||
| 008 | 140414s1964----fr-a###f##---#001-0#fre-# | ||
| 041 | _afre | ||
| 044 | _afr | ||
| 050 | 4 |
_aND1140 _b.H613 _c1964 |
|
| 100 | 1 |
_aHours, Madeleine _920282 |
|
| 245 | 1 | 0 |
_aLes secrets des chefs d´oeuvre _cMadeleine Hours. |
| 260 |
_aFrance _bPont Royal _c1964 |
||
| 300 |
_a216 p. _bil. (algunas a color) _c26 cm. |
||
| 500 | _aY213 | ||
| 650 | 1 | 4 |
_aPinturas _vTécnicas _920283 |
| 650 | 1 | 4 |
_aObras de arte _vConservación y restauración _920284 |
| 650 | 1 | 4 |
_aArte _vPreservación _zFrancia _920285 |
| 902 | _aGFM | ||
| 942 |
_2lcc _cB |
||
| 999 |
_c7809 _d7809 |
||